000 00368nam a2200145Ia 4500
008 100122s9999 xx 000 0 und d
082 _b13211
_a823
100 _aशेळके उध्दव ज
245 _aधग
260 _bपॉप्युलर प्रकाशन
_c1960
300 _a274
630 _aधग
730 _aधग
942 _cBOOK
999 _c404075
_d404072